000 00412nam a2200145Ia 4500
003 OSt
005 20260127100952.0
008 211028s2017 xx 000 0 und d
040 _cAIMIT LIBRARY
041 _aeng
100 _aPhilip, Nidhin; Pereira, Divya.
_g1516100
_97676
245 _aStudy on dealers perception towards neema industries /
260 _aMangalore
_bDivya Pereira.
_c2017
942 _2ddc
_cPRO
999 _c219244
_d219244